000
002920000a22000970004500
100
1
_a
Cotter, Wendy J.
245
1
0
_a
Women's authority roles in Paul's churches : Countercultural or conventional?
300
_a
Vol. 34, Num 4 (1994), Páginas 350-372
773
0
_t
Novum Testamentum
942
_c
ANA
999
_c
56872
_d
56872